[Event "GER-chT U10"]
[Site "Magdeburg"]
[Date "2013.12.27"]
[Round "2.4"]
[White "Mueller, Nikica"]
[Black "Rietschel, Tilo"]
[Result "0-1"]
[WhiteElo "871"]
[BlackElo "1127"]
[PlyCount "34"]
[EventDate "2013.12.27"]
[EventType "team-swiss"]
[EventRounds "5"]
[EventCountry "GER"]
[SourceTitle "EXT 2015"]
[Source "ChessBase"]
[SourceDate "2014.11.20"]
[SourceVersion "1"]
[SourceVersionDate "2014.11.20"]
[SourceQuality "1"]
[WhiteTeam "Bremen West"]
[BlackTeam "Luebeck"]
[WhiteTeamCountry "GER"]
[BlackTeamCountry "GER"]

1. e4 e5 2. Nf3 Nc6 3. Bb5 a6 4. Ba4 b5 5. Bb3 Nf6 6. Ng5 d5 7. exd5 Nxd5 8. d3 h6 9. Nc3 Nce7 10. Nxd5 Nxd5 11. Ne4 Bb7 12. 0-0 c5 13. Qf3 Qd7 14. a4 f5 15. Nd2 Nf4 16. Qe3 Bd6 17. g3 Nh3# 0-1